书目信息 |
| 题名: |
建筑信息模型数据交换标准
|
|
| 作者: | 周红波 起草 ;上海市建筑科学研究院公司 , 上海建科工程咨询公司 主编 | |
| 分册: | ||
| 出版信息: | 上海 同济大学出版社 2024.06 |
|
| 页数: | 159页 | |
| 开本: | 21cm | |
| 丛书名: | 上海市工程建设规范 | |
| 单 册: | ||
| 中图分类: | TU201.4-65 | |
| 科图分类: | ||
| 主题词: | 建筑设计--jian zhu she ji--计算机辅助设计--应用软件--数据交换--标准 | |
| 电子资源: | ||
| ISBN: | 978-7-5765-1135-2 | |
| 000 | 01580nam 2200325 450 | |
| 001 | 94022 | |
| 005 | 20250819195322.25 | |
| 010 | @a978-7-5765-1135-2@dCNY60.00 | |
| 094 | @aCN@bDG/TJ 08-2443-2023 J 17375-2024 | |
| 100 | @a20240826d2024 em y0chiy50 ea | |
| 101 | 0 | @achi@eeng |
| 102 | @aCN@b310000 | |
| 105 | @ak l 000yy | |
| 106 | @ar | |
| 200 | 1 | @a建筑信息模型数据交换标准@Ajian zhu xin xi mo xing shu ju jiao huan biao zhun@d= Data exchange standard for building information modeling@f主编单位上海市建筑科学研究院有限公司, 上海建科工程咨询有限公司@zeng |
| 210 | @a上海@c同济大学出版社@d2024.06 | |
| 215 | @a159页@d21cm | |
| 225 | 2 | @a上海市工程建设规范@Ashang hai shi gong cheng jian she gui fan |
| 300 | @a上海市住房和城乡建设管理委员会发布 2024-01-03发布 2024-06-01实施 | |
| 314 | @a起草人: 周红波 ... [等] | |
| 330 | @a为规范和引导上海市建设工程全生命期中基于建筑信息模型的数据交换, 提升数据应用效率和各参与方协同工作水平,特制定本标准。本标准适用于上海市建设工程全生命期各参与方之间基于建筑信息模型的数据交换过程。 | |
| 410 | 0 | @12001 @a上海市工程建设规范 |
| 510 | 1 | @aData exchange standard for building information modeling@zeng |
| 606 | 0 | @a建筑设计@Ajian zhu she ji@x计算机辅助设计@x应用软件@x数据交换@x标准 |
| 690 | @aTU201.4-65@v5 | |
| 701 | 0 | @a周红波@Azhou hong bo@4起草 |
| 712 | 02 | @a上海市建筑科学研究院公司@Ashang hai shi jian zhu ke xue yan jiu yuan gong si@4主编 |
| 712 | 02 | @a上海建科工程咨询公司@Ashang hai jian ke gong cheng zi xun gong si@4主编 |
| 801 | 0 | @aCN@c20250909 |
| 905 | @a河南城建学院图书馆@dTU201.4-65@eZ760@f1 | |
| 建筑信息模型数据交换标准= Data exchange standard for building information modeling/主编单位上海市建筑科学研究院有限公司, 上海建科工程咨询有限公司.-上海:同济大学出版社,2024.06 |
| 159页;21cm.-(上海市工程建设规范) |
| 上海市住房和城乡建设管理委员会发布 2024-01-03发布 2024-06-01实施 |
| ISBN 978-7-5765-1135-2:CNY60.00 |
| 为规范和引导上海市建设工程全生命期中基于建筑信息模型的数据交换, 提升数据应用效率和各参与方协同工作水平,特制定本标准。本标准适用于上海市建设工程全生命期各参与方之间基于建筑信息模型的数据交换过程。 |
| ● |
| 相关链接 |
|
|
|
正题名:建筑信息模型数据交换标准
索取号:TU201.4-65/Z760
 
预约/预借
| 序号 | 登录号 | 条形码 | 馆藏地/架位号 | 状态 | 备注 |
| 1 | 1627950 | 216279505 | 建筑库101/101建筑库 37排1列5层/ [索取号:TU201.4-65/Z760] | 在馆 |